| 000 | 00000nam##2200000za#4500 |
| 001 | 9.680624 |
| 003 | CaOODSP |
| 005 | 20220901164840 |
| 007 | ta |
| 008 | 150407|1998||||xxc||||| f|0| 0 fre|d |
| 020 | |a0-662-83373-2 |
| 040 | |aCaOODSP|bfre |
| 043 | |an-cn--- |
| 086 | 1 |aJ2-155/1998F |
| 110 | 1 |aCanada.|bJustice Canada. |bCentre canadien des armes à feu. |
| 245 | 10|aIntroduction à la législation canadienne sur les armes à feux à l'intention des peuples autochtones du canada : |bquestions et réponses sur la Loi sur les armes à feu, ses règlements et les documents d'appui |
| 260 | |aOttawa - Ontario : |bJustice Canada. |c1998. |
| 300 | |a23p. : |btableaux ; |c26 cm. |
| 500 | |aSommaire: Renseignements généraux.--Obtention du permis d'armes à feu.--Cours canadien de sécurité dans le maniement des armes à feu.--L'enregistrement des armes à feu.--Entreposage et transport d'armes à feu.--Prêt d'armes à feu à un tiers.--Cession d'armes à feu à un tiers.--Importation et exportation d'armes à feu.--Autres questions.--Conclusion. Données de catalogage avant publication (Canada) imprimées dans cette publication. |
| 563 | |aCouverture souple |
| 590 | |a99-33|b1999-08-20 |
| 691 | 07|aArme à feu|2gcpds |
| 691 | 07|aAutochtones|2gcpds |
| 775 | 08|tAn introduction to Canada's firearms law for the Aboriginal peoples of Canada : |w(CaOODSP)9.647199 |
| 776 | 0#|tIntroduction à la législation canadienne sur les armes à feux à l'intention des peuples autochtones du Canada : |w(CaOODSP)9.639588 |